Computer Vision (Record no. 196533)
[ view plain ]
| 000 -LEADER | |
|---|---|
| fixed length control field | 00693 a2200205 4500 |
| 005 - DATE AND TIME OF LATEST TRANSACTION | |
| control field | 20230714123722.0 |
| 010 ## - LCCN (DPL NO) | |
| LC control number | ENG-137392 |
| 020 ## - INTERNATIONAL STANDARD BOOK NUMBER | |
| International Standard Book Number | 978392933042 |
| Terms of availability | 520.00 |
| 035 ## - SYSTEM CONTROL NUMBER | |
| System control number | EN-120924 |
| 037 ## - SOURCE OF ACQUISITION | |
| Source of stock number/acquisition | DBAD/Pub |
| 082 14 - DEWEY DECIMAL CLASSIFICATION NUMBER | |
| Classification number | 006.37 |
| 100 1# - MAIN ENTRY--PERSONAL NAME | |
| Personal name | Patra, P. Santosh Kumar |
| 245 1# - TITLE STATEMENT | |
| Title | Computer Vision |
| Statement of responsibility, etc | P. Santosh Kumar Patra, G. Govinda Rajulu [and] J. Venkatarangan |
| 260 ## - PUBLICATION, DISTRIBUTION, ETC. (IMPRINT) | |
| Place of publication, distribution, etc | Hyderabad |
| Name of publisher, distributor, etc | SevenHills International Publishers |
| Date of publication, distribution, etc | 2023 |
| 270 ## - ADDRESS | |
| Address | 7-1-277/242, 2nd floor near B K Guda Park, S R Nagar |
| City | Hyderabad |
| Postal code | 500 038 |
| 300 ## - PHYSICAL DESCRIPTION | |
| Extent | xiv, 202p.; |
| Dimensions | 24cm(pbk) |
| 700 ## - ADDED ENTRY--PERSONAL NAME | |
| Personal name | Rajulu,G. Govinda |
| 700 ## - ADDED ENTRY--PERSONAL NAME | |
| Personal name | Venkatarangan, J. |
| 942 ## - ADDED ENTRY ELEMENTS (KOHA) | |
| Item type | English Books |
| Source of classification or shelving scheme | Dewey Decimal Classification |
| Classification part | 006.37 |
| Call number suffix | PAT |
| Edition | First |
| Withdrawn status | Lost status | Not for loan | Collection code | Home library | Current library | Date acquired | Source of acquisition | Cost, normal purchase price | Full call number | Barcode | Copy number | Cost, replacement price | Koha item type |
|---|---|---|---|---|---|---|---|---|---|---|---|---|---|
| Non-fiction | Narela | Narela | 14/07/2023 | DBAD/PUB | 520.00 | 006.37 PAT | EN-120924 | 1 | 520.00 | English Books |
